The pestilential cholera unmasked, and its real nature and treatment developed with more effectual means of prevention, proofs of its contagious nature and a sketch of its history and progress ... / (Record no. 166280)

MARC details
000 -LEADER
campo de control de longitud fija 00791nam a22001815i 4500
001 - NÚMERO DE CONTROL
campo de control 166280
003 - IDENTIFICADOR DE NÚMERO DE CONTROL
campo de control ES-MaACL
005 - FECHA Y HORA DE LA ÚLTIMA TRANSACCIÓN
campo de control 20250901032932.0
008 - DATOS DE LONGITUD FIJA--INFORMACIÓN GENERAL
campo de control de longitud fija 050913s1832 xxk | |||||||| ||eng d
040 ## - FUENTE DE CATALOGACIÓN
Centro catalogador/agencia de origen CAM
Lengua de catalogación spa
Centro/agencia transcriptor CAM
100 1# - ENTRADA PRINCIPAL--NOMBRE DE PERSONA
Nombre de persona Thompson, John V.
9 (RLIN) 133229
245 14 - MENCIÓN DEL TÍTULO
Título The pestilential cholera unmasked, and its real nature and treatment developed with more effectual means of prevention, proofs of its contagious nature and a sketch of its history and progress ... /
Mención de responsabilidad, etc. by John V. Thompson.
260 ## - PUBLICACIÓN, DISTRIBUCIÓN, ETC.
Lugar de publicación, distribución, etc. Cork :
Nombre del editor, distribuidor, etc. printed for the author :
-- sold by King and Ridings [etc.],
Fecha de publicación, distribución, etc. 1832.
300 ## - DESCRIPCIÓN FÍSICA
Extensión 64 p. ;
Dimensiones 23 cm.
650 #7 - PUNTO DE ACCESO ADICIONAL DE MATERIA--TÉRMINO DE MATERIA
Término de materia o nombre geográfico como elemento de entrada Cólera
Fuente del encabezamiento o término embne
9 (RLIN) 11143
852 ## - LOCALIZACIÓN
Ubicación ES-MaACL
Número de control de estantería T-624-F-3
Nota libre -- Enc. hol.
-- -- Enc. en un vol. facticio
-- .- Donat. Mateo Seoane
Holdings
Estatus retirado Estado de pérdida Estado de daño No para préstamo Colección Biblioteca de origen Biblioteca actual Ubicación en estantería Fecha de adquisición Total de préstamos Signatura topográfica completa Código de barras Visto por última vez Precio de reemplazo Tipo de ítem Koha
        Colección de folletos Biblioteca del Ateneo de Madrid Biblioteca del Ateneo de Madrid Depósito folletos 17/01/2008   T-624-F-3 1174381 23/02/2023 23/02/2023 Folleto